000 00841nam a22002537a 4500
005 20170124105927.0
010 _aA-899870
020 _a8170366070
_c00.00
035 _aA-899870
037 _bCen Lib/Ret
040 _aDPL
_bEN
082 _a305.50954
_bSHA
100 _aSharma,K.L.
_93673
245 _aSocial stratification in India :
_bIssues and themes /
_cby K.L.Sharma
260 _aNew Delhi
_bSage publications
_c1997
270 _aM-32 Greater KAILASH MARKET
_bNew Delhi
_e110048
300 _a218P.
_c21cm(Hb)
500 _aIncludes bibliographical reference and index
650 _aSocial classes-India
_97081
650 _aCaste-India
_962387
650 _aसामाजिक वर्गों-भारत
_9952
650 _aजाति-भारत
_91541
942 _2ddc
_cEN
_h305.50954
_mSHA
999 _c123591
_d123591